000 00557nam a2200181Ia 4500
999 _c22732
_d22732
003 OSt
005 20200320115217.0
008 190216s9999||||xx |||||||||||||| ||und||
020 _a8172048637
040 _coclc
082 _a297.122
_bFAR/Q
100 _aFarooqi, Mohammed Iqtedar Hussain
_92121
245 0 _aQuranile Sasyangal /
_c Mohammed Iqtedar Hussain Farooqi
260 _bIslamic Publishing House,
_aKozhikode:
_c2002.
300 _a121p
650 _aIslamic History
942 _cBK
_2ddc
_h297.122
_iFAR/Q
_k297.122
_mFAR/Q